000 00327nam a2200133Ia 4500
008 260604s9999 xx 000 0 und d
020 _a9781138363199
082 _a001.4 JON
100 _aJONES [REBECCA J.]
_935635
245 0 _aCOACHING WITH RESEARCH IN MIND
260 _bROUTLEDGE
500 _aResearch, Mind
942 _cBK
999 _c8459
_d8459